000 00260nam a22001217a 4500
082 _a643.7 AUD
100 _aAUDELS
_960491
245 _aAUDELS DO-IT-YOURSELF ENCYCLOPEDIA
250 _aVOLUME-1
260 _aPDF
_bPDF
_c1960
300 _a500P
942 _cBK
999 _c570196
_d570196